00654nam a2200193Ia 4500008004100000082001300041100001700054245004900071250000800120260003000128300001200158500002400170650001500194700002100209942000700230952010300237952010300340999001700443230524s9999 xx 000 0 und d a537bDAV aPaul D Davis 0aBasic Physics and Measurement in Anaesthesia a5TH aNEW DELHIbElsevierc2006 aVII;299 aQuantity Number: 2 aBiomedical a Gavin N.C.Kenny cBK 00104070aTATCLbTATCLcGENd2023-05-24l0o537 DAVp19593r2023-05-24w2023-05-24yBKzCPEC5203 00104070aTATCLbTATCLcGENd2023-05-24l0o537 DAVp19594r2023-05-24w2023-05-24yBKzCPEC5203 c37556d37556